Contemporary Social issues : (Record no. 492609)
[ view plain ]
| 000 -LEADER | |
|---|---|
| fixed length control field | 00974nam a22002297a 4500 |
| 003 - CONTROL NUMBER IDENTIFIER | |
| control field | OSt |
| 005 - DATE AND TIME OF LATEST TRANSACTION | |
| control field | 20260508112021.0 |
| 008 - FIXED-LENGTH DATA ELEMENTS--GENERAL INFORMATION | |
| fixed length control field | 260508b |||||||| |||| 00| 0 eng d |
| 040 ## - CATALOGING SOURCE | |
| Original cataloging agency | Kenya National Library Service |
| 082 ## - DEWEY DECIMAL CLASSIFICATION NUMBER | |
| Classification number | 170 KIB |
| 100 ## - MAIN ENTRY--PERSONAL NAME | |
| Personal name | Kibutu, Peter Njogu |
| Relator term | author |
| 245 ## - TITLE STATEMENT | |
| Title | Contemporary Social issues : |
| Remainder of title | a moral perspective / |
| Statement of responsibility, etc. | Peter Njogu Kibutu |
| 300 ## - PHYSICAL DESCRIPTION | |
| Extent | 158 pages ; |
| Dimensions | 30 cm. |
| 504 ## - BIBLIOGRAPHY, ETC. NOTE | |
| Bibliography, etc. note | Includes index |
| 520 ## - SUMMARY, ETC. | |
| Summary, etc. | This treatise expose an increasing urgency of alerting the young on the dangers of life on one hand and an improved attitude towards one sexual life and social self empowerment as adults on the other. Its a sure way of avoiding unnecessary social crisis and trauma in one's future. |
| 650 ## - SUBJECT ADDED ENTRY--TOPICAL TERM | |
| Topical term or geographic name entry element | Social ethics |
| 650 ## - SUBJECT ADDED ENTRY--TOPICAL TERM | |
| Topical term or geographic name entry element | Kenya |
| Form subdivision | Social conditions |
| Chronological subdivision | 21st Century |
| 650 ## - SUBJECT ADDED ENTRY--TOPICAL TERM | |
| Topical term or geographic name entry element | Religion and Sociology |
| Form subdivision | Kenya |
| 942 ## - ADDED ENTRY ELEMENTS (KOHA) | |
| Source of classification or shelving scheme | Dewey Decimal Classification |
| Koha item type | Books |
| Suppress in OPAC | No |
| Withdrawn status | Source of classification or shelving scheme | Damaged status | Not for loan | Home library | Current library | Date acquired | Source of acquisition | Cost, normal purchase price | Total checkouts | Full call number | Barcode | Date last seen | Price effective from | Koha item type |
|---|---|---|---|---|---|---|---|---|---|---|---|---|---|---|
| Dewey Decimal Classification | Preservation, Conservation & Publication | Acquisition, Cataloguing, Classification and Distribution Development | 05/08/2026 | Donation | 1250.00 | 170 KIB | B237579 | 05/08/2026 | 05/08/2026 | Books |
